All Time College Bowl Wins - Statistics

General Stats
  • This quiz has been taken 28 times
  • The average score is 21 of 25
Answer Stats
Hint Answer % Correct
38 Alabama
100%
22 Florida
100%
21 Michigan
100%
28 Penn St
100%
27 Texas
100%
30 Georgia
96%
17 Notre Dame
96%
29 Oklahoma
96%
16 UCLA
96%
28 Florida St
92%
22 Ohio St
92%
34 USC
92%
19 Miami
88%
17 Texas A & M
88%
17 Washington
88%
25 LSU
85%
26 Nebraska
85%
28 Tennessee
81%
23 Auburn
77%
25 Georgia Tech
77%
24 Mississippi
77%
21 Clemson
73%
17 Oklahoma St
69%
16 Utah
58%
16 North Carolina St
15%
No matching quizzes found
Score Distribution
Percent of People with Each Score
Percentile by Number Answered
Your Score History
You have not taken this quiz